[Event "17. Obert Int. Sant Marti 2015"]
[Site "Barcelona ESP"]
[Date "2015.07.15"]
[Round "3.15"]
[White "Mateus, Alejandro"]
[Black "Alsina Leal, Daniel"]
[Result "1-0"]
[WhiteElo "2283"]
[BlackElo "2531"]
[PlyCount "159"]
[EventDate "2015.07.13"]
[EventType "swiss"]
[EventRounds "9"]
[EventCountry "ESP"]
[SourceTitle "Ajedrez en Madrid"]
[Source "lmi"]
[SourceDate "2013.07.13"]
[SourceVersion "1"]
[SourceVersionDate "2019.06.24"]
[SourceQuality "1"]

1. e4 c5 2. c3 Nf6 3. e5 Nd5 4. d4 cxd4 5. Nf3 e6 6. cxd4 d6 7. Bc4 Be7 8. O-O
O-O 9. Nbd2 dxe5 10. dxe5 Nb6 11. Bb3 Bd7 12. Qe2 Bc6 13. Ne4 Bd5 14. Rd1 N8d7
15. Bc2 Bc4 16. Qe1 Qc7 17. Bg5 Bxg5 18. Nexg5 h6 19. Nh3 Bd5 20. Rac1 Qd8 21.
Be4 Rc8 22. Nf4 Rxc1 23. Rxc1 Bxe4 24. Qxe4 Qb8 25. g3 Rc8 26. Rxc8+ Qxc8 27.
Kg2 Qc7 28. b3 Nc8 29. Qa4 a6 30. h4 Ne7 31. Qe4 Nc6 32. Nd3 Qa5 33. a4 Nc5 34.
Nxc5 Qxc5 35. Qc4 Qd5 36. Qc3 b5 37. axb5 axb5 38. Kh2 b4 39. Qe3 Qd1 40. Kg2
Qc2 41. Qb6 Qe4 42. Qe3 Qc2 43. Qb6 Qe4 44. Qe3 Qxe3 45. fxe3 Kf8 46. Kf2 Ke7
47. Ke2 Na5 48. Nd4 Kd7 49. g4 Kc7 50. Kd3 Kb6 51. g5 hxg5 52. hxg5 g6 53. Ke4
Kc5 54. Kf4 Kd5 55. Nc2 Nc6 56. e4+ Kc5 57. Ke3 Nxe5 58. Ne1 Nc6 59. Nd3+ Kb5
60. e5 Na5 61. Nc1 Nc6 62. Nd3 Nb8 63. Ke4 Na6 64. Kd4 Nc7 65. Nc5 Nd5 66. Nb7
Kc6 67. Nd8+ Kb5 68. Nxf7 Nf4 69. Nd8 Ne2+ 70. Kd3 Nc1+ 71. Kc2 Ne2 72. Nxe6
Kc6 73. Kd3 Nc1+ 74. Kc4 Nxb3 75. Nd8+ Kb6 76. Kxb3 Kc5 77. e6 Kd6 78. Kxb4 Ke7
79. Kc5 Ke8 80. Nc6 1-0

[Event "17. Obert Int. Sant Marti 2015"]
[Site "Barcelona ESP"]
[Date "2015.07.15"]
[Round "3.16"]
[White "Ghosh, Diptayan"]
[Black "Garcia Blanco, Omar"]
[Result "1-0"]
[WhiteElo "2523"]
[BlackElo "2292"]
[PlyCount "105"]
[EventDate "2015.07.13"]
[EventType "swiss"]
[EventRounds "9"]
[EventCountry "ESP"]
[SourceTitle "Ajedrez en Madrid"]
[Source "lmi"]
[SourceDate "2013.07.13"]
[SourceVersion "1"]
[SourceVersionDate "2019.06.24"]
[SourceQuality "1"]

1. d4 Nf6 2. Nf3 c5 3. d5 g6 4. Nc3 Bg7 5. e4 O-O 6. Be2 d6 7. O-O Na6 8. h3
Nc7 9. a4 a6 10. Bf4 Rb8 11. a5 b5 12. axb6 Rxb6 13. Qc1 Nb5 14. Na4 Rb8 15.
Nxc5 Nc7 16. Nd4 Bd7 17. Nxa6 Nxa6 18. Rxa6 Nxe4 19. Be3 Qc8 20. Ra7 Ra8 21.
Qa1 Rxa7 22. Qxa7 f5 23. c3 f4 24. Bc1 Bxh3 25. Qxe7 Re8 26. Qh4 Bf5 27. Qxf4
Be5 28. Qf3 Bxd4 29. cxd4 Qc2 30. Bb5 Rf8 31. Bh6 Rb8 32. Bd3 Nd2 33. Qxf5 gxf5
34. Bxc2 Nxf1 35. Kxf1 Kf7 36. Bxf5 Kf6 37. g4 Kf7 38. Kg2 Kg8 39. Bf4 Rb6 40.
b4 Kg7 41. Be6 Kf6 42. b5 Ke7 43. Bf5 Rxb5 44. Bxh7 Rxd5 45. Be3 Kf7 46. Kf3
Kg7 47. Bf5 Rb5 48. Ke4 Kf6 49. g5+ Kg7 50. Bf4 Rb2 51. f3 Rg2 52. Kd5 Rf2 53.
Be4 1-0

[Event "17. Obert Int. Sant Marti 2015"]
[Site "Barcelona ESP"]
[Date "2015.07.15"]
[Round "3.17"]
[White "Oliva Castaneda, Kevel"]
[Black "Puranik, Abhimanyu"]
[Result "0-1"]
[WhiteElo "2488"]
[BlackElo "2328"]
[PlyCount "108"]
[EventDate "2015.07.13"]
[EventType "swiss"]
[EventRounds "9"]
[EventCountry "ESP"]
[SourceTitle "Ajedrez en Madrid"]
[Source "lmi"]
[SourceDate "2013.07.13"]
[SourceVersion "1"]
[SourceVersionDate "2019.06.24"]
[SourceQuality "1"]

1. Nf3 Nf6 2. c4 g6 3. Nc3 d5 4. cxd5 Nxd5 5. Qb3 Nb6 6. d4 Bg7 7. e4 O-O 8.
Be3 Bg4 9. Rd1 Nc6 10. d5 Ne5 11. Be2 Nxf3+ 12. gxf3 Bh5 13. Rg1 Qc8 14. Rg3 c6
15. a4 Rd8 16. a5 Nd7 17. a6 Nb6 18. Rc1 bxa6 19. Na2 a5 20. Rxc6 Qb8 21. Qa3
Nc8 22. Nc3 Nd6 23. Bc5 Rd7 24. Ba6 Qd8 25. Ne2 Qb8 26. Bxd6 exd6 27. Rc8+ Qxc8
28. Bxc8 Rxc8 29. Nf4 Kh8 30. Nxh5 gxh5 31. Qe3 Bxb2 32. Qg5 Re8 33. Qxh5 Rde7
34. Qh6 f6 35. Qd2 Be5 36. Rh3 Rb8 37. Qxa5 Rb1+ 38. Ke2 Reb7 39. f4 Bxf4 40.
Qd8+ Kg7 41. Rc3 Bxh2 42. Rc8 Be5 43. Qg8+ Kh6 44. Qf8+ Kh5 45. Qe8+ Kh6 46.
Qe6 R1b2+ 47. Kf1 Bd4 48. Qh3+ Kg7 49. Qg3+ Kh6 50. Qd3 Rxf2+ 51. Ke1 Rh2 52.
Kd1 Rh1+ 53. Ke2 Rb2+ 54. Rc2 Rxc2+ 0-1

[Event "17. Obert Int. Sant Marti 2015"]
[Site "Barcelona ESP"]
[Date "2015.07.15"]
[Round "3.18"]
[White "Ducarmon, Quinten"]
[Black "Deshpande, Aniruddha"]
[Result "1-0"]
[WhiteElo "2475"]
[BlackElo "2268"]
[PlyCount "59"]
[EventDate "2015.07.13"]
[EventType "swiss"]
[EventRounds "9"]
[EventCountry "ESP"]
[SourceTitle "Ajedrez en Madrid"]
[Source "lmi"]
[SourceDate "2013.07.13"]
[SourceVersion "1"]
[SourceVersionDate "2019.06.24"]
[SourceQuality "1"]

1. e4 d5 2. exd5 Qxd5 3. Nc3 Qd6 4. d4 Nf6 5. Nf3 c6 6. h3 Bf5 7. Ne5 e6 8. g4
Bg6 9. h4 Nbd7 10. Nc4 Qc7 11. h5 Be4 12. Nxe4 Nxe4 13. Qf3 Nd6 14. Bf4 Nb6 15.
Nd2 Nd5 16. Be5 f6 17. Bg3 Qd7 18. O-O-O Nf7 19. c4 Nc7 20. Ne4 O-O-O 21. Be2
Ng5 22. Nxg5 fxg5 23. Qe3 h6 24. d5 exd5 25. cxd5 Nxd5 26. Qxa7 Bd6 27. Rxd5
cxd5 28. Kb1 Qe7 29. Rc1+ Kd7 30. Bb5+ 1-0

[Event "17. Obert Int. Sant Marti 2015"]
[Site "Barcelona ESP"]
[Date "2015.07.15"]
[Round "3.19"]
[White "Narayanan, Srinath"]
[Black "Piasetski, Leon"]
[Result "1-0"]
[WhiteElo "2464"]
[BlackElo "2289"]
[PlyCount "69"]
[EventDate "2015.07.13"]
[EventType "swiss"]
[EventRounds "9"]
[EventCountry "ESP"]
[SourceTitle "Ajedrez en Madrid"]
[Source "lmi"]
[SourceDate "2013.07.13"]
[SourceVersion "1"]
[SourceVersionDate "2019.06.24"]
[SourceQuality "1"]

1. e4 c5 2. Nf3 e6 3. d4 cxd4 4. Nxd4 a6 5. Nc3 b5 6. Bd3 Bb7 7. O-O Nc6 8.
Nxc6 Bxc6 9. Qe2 Bc5 10. Be3 d6 11. a4 b4 12. Nd5 Bb7 13. Bxc5 dxc5 14. Ne3 Nf6
15. Nc4 O-O 16. Rfd1 Qc7 17. a5 Nd7 18. e5 Bd5 19. Nd6 h6 20. f4 f6 21. Bc4
fxe5 22. fxe5 Bxc4 23. Qxc4 Nxe5 24. Qxe6+ Nf7 25. Nf5 Rae8 26. Qxa6 Qe5 27.
Rf1 Re6 28. Qc4 Kh7 29. Nh4 g6 30. Qb3 Kg7 31. Nf3 Qf6 32. Qd5 Rd8 33. Qxc5 Rc6
34. Qa7 Qe6 35. Ne5 1-0

[Event "17. Obert Int. Sant Marti 2015"]
[Site "Barcelona ESP"]
[Date "2015.07.15"]
[Round "3.20"]
[White "Mosquera, Miguel"]
[Black "Cruz, Jonathan"]
[Result "1-0"]
[WhiteElo "2375"]
[BlackElo "2453"]
[PlyCount "55"]
[EventDate "2015.07.13"]
[EventType "swiss"]
[EventRounds "9"]
[EventCountry "ESP"]
[SourceTitle "Ajedrez en Madrid"]
[Source "lmi"]
[SourceDate "2013.07.13"]
[SourceVersion "1"]
[SourceVersionDate "2019.06.24"]
[SourceQuality "1"]

1. Nf3 Nf6 2. c4 c5 3. Nc3 b6 4. e4 d6 5. d4 cxd4 6. Nxd4 Bb7 7. Bd3 g6 8. O-O
Bg7 9. Bg5 O-O 10. Rc1 Nbd7 11. Re1 Nc5 12. Bb1 Ne6 13. Be3 Nc5 14. Bg5 Ne6 15.
Be3 Nh5 16. Nf5 Be5 17. Nd5 gxf5 18. Qxh5 Ng7 19. Qh3 e6 20. exf5 exf5 21. Bxf5
Nxf5 22. Qxf5 Bxd5 23. cxd5 Bxb2 24. Rc6 Re8 25. g3 Bg7 26. Rec1 Re5 27. Qf3
Qe7 28. Rc8+ 1-0

[Event "17. Obert Int. Sant Marti 2015"]
[Site "Barcelona ESP"]
[Date "2015.07.15"]
[Round "3.21"]
[White "Matt, Fabian"]
[Black "Das, Sayantan"]
[Result "0-1"]
[WhiteElo "2258"]
[BlackElo "2444"]
[PlyCount "104"]
[EventDate "2015.07.13"]
[EventType "swiss"]
[EventRounds "9"]
[EventCountry "ESP"]
[SourceTitle "Ajedrez en Madrid"]
[Source "lmi"]
[SourceDate "2013.07.13"]
[SourceVersion "1"]
[SourceVersionDate "2019.06.24"]
[SourceQuality "1"]

1. Nf3 Nf6 2. g3 g6 3. b3 Bg7 4. Bb2 O-O 5. Bg2 d6 6. d4 Nbd7 7. O-O e5 8. c4
Re8 9. Nc3 exd4 10. Nxd4 Nc5 11. h3 a5 12. a3 Nfd7 13. Ndb5 Nb6 14. Rb1 Bf5 15.
e4 Nxe4 16. Nxe4 Bxe4 17. Re1 Bxg2 18. Rxe8+ Qxe8 19. Bxg7 Kxg7 20. Qd4+ Kg8
21. Nxc7 Qe4 22. Qxe4 Bxe4 23. Nxa8 Nxa8 24. Rd1 a4 25. b4 Kf8 26. Rxd6 Ke7 27.
Rd4 Bc2 28. Rh4 h5 29. g4 hxg4 30. Rh8 Nb6 31. c5 Nd7 32. hxg4 Be4 33. Kh2 Bc6
34. f4 Nf6 35. Kg3 Ne4+ 36. Kh4 Nc3 37. Kg5 Nb5 38. Rh3 Bd5 39. Re3+ Kd7 40.
Kf6 Bb3 41. Rd3+ Kc6 42. Ke7 Nxa3 43. Rd6+ Kc7 44. f5 gxf5 45. gxf5 Nb5 46.
Rd7+ Kc6 47. Rd6+ Kc7 48. Rd7+ Kb8 49. f6 a3 50. Rd8+ Kc7 51. Rh8 a2 52. Rh1
Nd4 0-1

[Event "17. Obert Int. Sant Marti 2015"]
[Site "Barcelona ESP"]
[Date "2015.07.15"]
[Round "3.22"]
[White "Rios, Cristhian Camilo"]
[Black "Aguilar, Andres"]
[Result "1-0"]
[WhiteElo "2435"]
[BlackElo "2224"]
[PlyCount "91"]
[EventDate "2015.07.13"]
[EventType "swiss"]
[EventRounds "9"]
[EventCountry "ESP"]
[SourceTitle "Ajedrez en Madrid"]
[Source "lmi"]
[SourceDate "2013.07.13"]
[SourceVersion "1"]
[SourceVersionDate "2019.06.24"]
[SourceQuality "1"]

1. d4 Nf6 2. c4 g6 3. Nc3 Bg7 4. e4 d6 5. f3 O-O 6. Bg5 c5 7. d5 h6 8. Be3 e6
9. Qd2 exd5 10. cxd5 Re8 11. Nge2 Nbd7 12. Ng3 h5 13. Be2 h4 14. Nf1 a6 15. a4
Qa5 16. Qc2 Ne5 17. Nd2 h3 18. g4 Qc7 19. g5 Nh5 20. Rg1 c4 21. f4 Nd3+ 22.
Bxd3 cxd3 23. Qxd3 Bf5 24. Kf2 Bxc3 25. Rac1 Rxe4 26. Nxe4 Qe7 27. Rxc3 Bxe4
28. Qd4 Re8 29. Bd2 Qd7 30. Rc4 b5 31. axb5 axb5 32. Rb4 Bg2 33. Re1 Rc8 34.
Bc3 Kh7 35. Qd3 Qa7+ 36. Re3 Qd7 37. Qxb5 Qxb5 38. Rxb5 Nxf4 39. Rb4 Nh5 40.
Rb7 Kg8 41. Rd7 Bxd5 42. Rxd6 Be6 43. Red3 Kf8 44. Bf6 Nxf6 45. gxf6 Kg8 46.
Rd8+ 1-0

[Event "17. Obert Int. Sant Marti 2015"]
[Site "Barcelona ESP"]
[Date "2015.07.15"]
[Round "3.23"]
[White "Nabuurs, Mart"]
[Black "Froewis, Georg"]
[Result "0-1"]
[WhiteElo "2247"]
[BlackElo "2434"]
[PlyCount "80"]
[EventDate "2015.07.13"]
[EventType "swiss"]
[EventRounds "9"]
[EventCountry "ESP"]
[SourceTitle "Ajedrez en Madrid"]
[Source "lmi"]
[SourceDate "2013.07.13"]
[SourceVersion "1"]
[SourceVersionDate "2019.06.24"]
[SourceQuality "1"]

1. e4 e5 2. Nf3 Nc6 3. Bb5 Nge7 4. c3 d6 5. d4 Bd7 6. d5 Nb8 7. Bxd7+ Nxd7 8.
c4 g6 9. Nc3 Bg7 10. O-O O-O 11. Rb1 h6 12. Ne1 f5 13. f3 Nf6 14. Nd3 Qd7 15.
b4 Rf7 16. Ba3 Raf8 17. Qe2 g5 18. Nf2 Ng6 19. exf5 Qxf5 20. Qd3 Qxd3 21. Nxd3
e4 22. fxe4 Ng4 23. Rxf7 Rxf7 24. Ne2 Re7 25. Ng3 Nf4 26. Nxf4 Bd4+ 27. Kf1
gxf4 28. Nf5 Rxe4 29. Nxd4 Rxd4 30. c5 Rd2 31. cxd6 cxd6 32. Rb2 Rxd5 33. h3
Ne3+ 34. Ke2 Nc4 35. Rb3 Rd2+ 36. Kf3 Rd4 37. Bc1 Ne5+ 38. Ke2 Kf7 39. b5 Re4+
40. Kd1 Ra4 0-1

[Event "17. Obert Int. Sant Marti 2015"]
[Site "Barcelona ESP"]
[Date "2015.07.15"]
[Round "3.24"]
[White "Capellades Subirana, Marc"]
[Black "Munoz Pantoja, Miguel"]
[Result "1/2-1/2"]
[WhiteElo "2213"]
[BlackElo "2430"]
[PlyCount "124"]
[EventDate "2015.07.13"]
[EventType "swiss"]
[EventRounds "9"]
[EventCountry "ESP"]
[SourceTitle "Ajedrez en Madrid"]
[Source "lmi"]
[SourceDate "2013.07.13"]
[SourceVersion "1"]
[SourceVersionDate "2019.06.24"]
[SourceQuality "1"]

1. e4 c5 2. Nf3 Nc6 3. d4 cxd4 4. Nxd4 e5 5. Nb5 d6 6. c4 Be7 7. N1c3 a6 8. Na3
Be6 9. Nc2 Bg5 10. Bxg5 Qxg5 11. Qd2 Qxd2+ 12. Kxd2 Nge7 13. Be2 O-O 14. Rad1
f5 15. Kc1 Rad8 16. Rd2 fxe4 17. Nxe4 Nf5 18. Bg4 h5 19. Bxf5 Bxf5 20. Re1 Bxe4
21. Rxe4 b5 22. f3 Kf7 23. cxb5 axb5 24. Rd5 Na7 25. Rd3 Ke6 26. Nd4+ Kf6 27.
Ne2 d5 28. Rb4 Rc8+ 29. Kd2 Rc5 30. a4 Ke6 31. axb5 Nxb5 32. Nc3 Nd6 33. Rb6 d4
34. Ne4 Rd5 35. Ra3 Rd8 36. Ra7 Rb5 37. Raa6 Rxb6 38. Rxb6 g5 39. Kd3 Kd5 40.
Nxg5 Rc8 41. Ne4 Nc4 42. Rb5+ Ke6 43. g3 Ne3 44. f4 exf4 45. gxf4 Nd5 46. f5+
Ke5 47. Nd2 Rd8 48. Nf3+ Kf4 49. Nxd4 Nf6 50. Kc4 Ke4 51. Ne2 Rd2 52. Nc3+ Kf4
53. h3 h4 54. b4 Rh2 55. Nd5+ Kxf5 56. Nxf6+ Kxf6 57. Rh5 Rxh3 58. Kb5 Kg6 59.
Rh8 Kg7 60. Rh5 Kg6 61. Rh8 Kg7 62. Rh5 Kg6 1/2-1/2

[Event "17. Obert Int. Sant Marti 2015"]
[Site "Barcelona ESP"]
[Date "2015.07.15"]
[Round "3.25"]
[White "Erdogdu, Mert"]
[Black "Castrillon Gomez, Melissa"]
[Result "1-0"]
[WhiteElo "2426"]
[BlackElo "2199"]
[PlyCount "75"]
[EventDate "2015.07.13"]
[EventType "swiss"]
[EventRounds "9"]
[EventCountry "ESP"]
[SourceTitle "Ajedrez en Madrid"]
[Source "lmi"]
[SourceDate "2013.07.13"]
[SourceVersion "1"]
[SourceVersionDate "2019.06.24"]
[SourceQuality "1"]

1. Nf3 Nf6 2. c4 d6 3. d4 c5 4. Nc3 cxd4 5. Nxd4 g6 6. e4 Bg7 7. Be2 Nc6 8. Be3
O-O 9. O-O Nxd4 10. Bxd4 Be6 11. f4 Qa5 12. f5 Bd7 13. a3 a6 14. b4 Qc7 15. g4
Bc6 16. g5 Ne8 17. b5 axb5 18. cxb5 Bd7 19. Nd5 Bxd4+ 20. Qxd4 Qd8 21. Qb6 e6
22. Qxd8 Rxd8 23. Ne7+ Kg7 24. f6+ Kh8 25. Rfc1 Ra8 26. a4 Ra5 27. Kf2 e5 28.
Ke3 Be6 29. Rc3 h6 30. h4 h5 31. Bd1 Bd7 32. Rac1 Ra8 33. Bb3 Kh7 34. Nd5 Be6
35. Nb6 Rd8 36. Bd5 Kg8 37. a5 Bxd5 38. exd5 1-0

[Event "17. Obert Int. Sant Marti 2015"]
[Site "Barcelona ESP"]
[Date "2015.07.15"]
[Round "3.26"]
[White "Codenotti, Marco"]
[Black "Ayza Leon, David"]
[Result "1-0"]
[WhiteElo "2421"]
[BlackElo "2208"]
[PlyCount "63"]
[EventDate "2015.07.13"]
[EventType "swiss"]
[EventRounds "9"]
[EventCountry "ESP"]
[SourceTitle "Ajedrez en Madrid"]
[Source "lmi"]
[SourceDate "2013.07.13"]
[SourceVersion "1"]
[SourceVersionDate "2019.06.24"]
[SourceQuality "1"]

1. e4 e5 2. Nf3 Nc6 3. Bc4 Bc5 4. c3 Nf6 5. d3 O-O 6. Nbd2 d5 7. exd5 Nxd5 8.
Ne4 Bb6 9. O-O Bf5 10. b4 a6 11. Qb3 Bxe4 12. dxe4 Nf4 13. g3 Ng6 14. Bg5 Qc8
15. Kg2 Nf4+ 16. Bxf4 exf4 17. e5 Nd8 18. Qc2 c6 19. Qe4 fxg3 20. Ng5 g6 21. e6
Nxe6 22. Nxf7 Kxf7 23. fxg3+ Kg7 24. Qe5+ Kh6 25. Rxf8 Qxf8 26. Rf1 Qe7 27.
Bxe6 Rf8 28. Re1 Re8 29. Re4 Bc7 30. Qd4 Qd6 31. Qf6 Qd2+ 32. Kh3 1-0

[Event "17. Obert Int. Sant Marti 2015"]
[Site "Barcelona ESP"]
[Date "2015.07.15"]
[Round "3.27"]
[White "Ivana Maria, Furtado"]
[Black "Thejkumar, M. S.."]
[Result "1-0"]
[WhiteElo "2236"]
[BlackElo "2467"]
[PlyCount "57"]
[EventDate "2015.07.13"]
[EventType "swiss"]
[EventRounds "9"]
[EventCountry "ESP"]
[SourceTitle "Ajedrez en Madrid"]
[Source "lmi"]
[SourceDate "2013.07.13"]
[SourceVersion "1"]
[SourceVersionDate "2019.06.24"]
[SourceQuality "1"]

1. Nf3 d5 2. e3 c5 3. Bb5+ Bd7 4. Qe2 Nc6 5. O-O Nf6 6. b3 g6 7. Ba3 b6 8. d4
Ne4 9. c4 dxc4 10. Bb2 Na5 11. dxc5 Bxb5 12. Rd1 Qc8 13. Bxh8 f6 14. b4 Nb7 15.
a4 bxc5 16. axb5 cxb4 17. Nd4 a5 18. bxa6 Nbd6 19. Qb2 e5 20. Qxb4 exd4 21.
Rxd4 Rxa6 22. Rxa6 Qxa6 23. f3 Ng5 24. Bxf6 Nb7 25. Qxc4 Qxf6 26. Qc8+ Kf7 27.
Qxb7+ Kg8 28. Nc3 Ne6 29. Ne4 1-0

[Event "17. Obert Int. Sant Marti 2015"]
[Site "Barcelona ESP"]
[Date "2015.07.15"]
[Round "3.28"]
[White "Cicak, Slavko"]
[Black "Petrone, Gianmario"]
[Result "1-0"]
[WhiteElo "2514"]
[BlackElo "2102"]
[PlyCount "67"]
[EventDate "2015.07.13"]
[EventType "swiss"]
[EventRounds "9"]
[EventCountry "ESP"]
[SourceTitle "Ajedrez en Madrid"]
[Source "lmi"]
[SourceDate "2013.07.13"]
[SourceVersion "1"]
[SourceVersionDate "2019.06.24"]
[SourceQuality "1"]

1. c4 c5 2. b3 Nc6 3. Bb2 Nf6 4. Bxf6 gxf6 5. Nc3 f5 6. e3 Bg7 7. Nge2 d6 8. g3
e5 9. Bg2 Be6 10. O-O Qd7 11. Nd5 Bxd5 12. Bxd5 f4 13. Rb1 fxg3 14. fxg3 f5 15.
e4 Rf8 16. exf5 Rxf5 17. Qc2 Ne7 18. Rxf5 Qxf5 19. Qxf5 Nxf5 20. Bxb7 Rb8 21.
Be4 Nd4 22. Nxd4 exd4 23. Bxh7 Bh6 24. d3 Rb7 25. Be4 Be3+ 26. Kg2 Re7 27. b4
Kf8 28. bxc5 dxc5 29. Rb8+ Kg7 30. Rb7 Rxb7 31. Bxb7 Kf6 32. h4 Kf5 33. Kf3 Kg6
34. g4 1-0

[Event "17. Obert Int. Sant Marti 2015"]
[Site "Barcelona ESP"]
[Date "2015.07.15"]
[Round "3.29"]
[White "Manolache, Marius"]
[Black "Derakhshani, Borna"]
[Result "1-0"]
[WhiteElo "2467"]
[BlackElo "2079"]
[PlyCount "53"]
[EventDate "2015.07.13"]
[EventType "swiss"]
[EventRounds "9"]
[EventCountry "ESP"]
[SourceTitle "Ajedrez en Madrid"]
[Source "lmi"]
[SourceDate "2013.07.13"]
[SourceVersion "1"]
[SourceVersionDate "2019.06.24"]
[SourceQuality "1"]

1. d4 Nf6 2. c4 e6 3. e3 b6 4. Nf3 Bb7 5. Be2 Ne4 6. O-O Be7 7. b3 d6 8. Bb2
O-O 9. Nbd2 f5 10. Nxe4 fxe4 11. Nd2 Bg5 12. Qc2 d5 13. Rac1 Nc6 14. a3 Qd6 15.
b4 Rf7 16. b5 Nd8 17. c5 Qf8 18. c6 Bc8 19. Qb3 Be7 20. f3 exf3 21. Nxf3 Bd6
22. Bd3 g6 23. e4 dxe4 24. Bxe4 Rf4 25. g3 Rf7 26. d5 Qe7 27. dxe6 1-0

[Event "17. Obert Int. Sant Marti 2015"]
[Site "Barcelona ESP"]
[Date "2015.07.15"]
[Round "3.30"]
[White "Vazquez Moreno, Josep M"]
[Black "Gonzalez Perez, Arian"]
[Result "0-1"]
[WhiteElo "2104"]
[BlackElo "2440"]
[PlyCount "78"]
[EventDate "2015.07.13"]
[EventType "swiss"]
[EventRounds "9"]
[EventCountry "ESP"]
[SourceTitle "Ajedrez en Madrid"]
[Source "lmi"]
[SourceDate "2013.07.13"]
[SourceVersion "1"]
[SourceVersionDate "2019.06.24"]
[SourceQuality "1"]

1. e4 e6 2. d4 d5 3. Nc3 Bb4 4. exd5 exd5 5. Bd3 c6 6. Nge2 Ne7 7. O-O O-O 8.
Ng3 Nd7 9. Qf3 f5 10. a3 Bd6 11. Bg5 g6 12. Nce2 Nf6 13. Bf4 Ne4 14. Bxd6 Qxd6
15. Qf4 Qxf4 16. Nxf4 g5 17. Nfe2 Bd7 18. Rfe1 Rae8 19. Nf1 Kg7 20. f3 Nd6 21.
g3 Kf6 22. Nd2 h5 23. h4 gxh4 24. gxh4 Ng6 25. Kf2 Ne4+ 26. fxe4 fxe4 27. Bxe4
dxe4 28. Ke3 Nxh4 29. Nxe4+ Rxe4+ 30. Kxe4 Bf5+ 31. Ke3 Ng2+ 32. Kd2 Nxe1 33.
Rxe1 h4 34. c4 Kg5 35. Rg1+ Bg4 36. Nc3 h3 37. Nd1 h2 38. Rh1 Bxd1 39. Rxd1 Kg4
0-1

[Event "17. Obert Int. Sant Marti 2015"]
[Site "Barcelona ESP"]
[Date "2015.07.15"]
[Round "3.31"]
[White "Herms Agullo, Jordi"]
[Black "Stella, Andrea"]
[Result "0-1"]
[WhiteElo "2075"]
[BlackElo "2427"]
[PlyCount "106"]
[EventDate "2015.07.13"]
[EventType "swiss"]
[EventRounds "9"]
[EventCountry "ESP"]
[SourceTitle "Ajedrez en Madrid"]
[Source "lmi"]
[SourceDate "2013.07.13"]
[SourceVersion "1"]
[SourceVersionDate "2019.06.24"]
[SourceQuality "1"]

1. e4 c5 2. Nf3 e6 3. Nc3 d6 4. d4 cxd4 5. Nxd4 Nf6 6. Be2 Be7 7. O-O O-O 8.
Be3 Nc6 9. f4 e5 10. fxe5 dxe5 11. Nxc6 bxc6 12. Qxd8 Rxd8 13. Bc4 Bg4 14. h3
Bh5 15. Rf5 Bg6 16. Rxe5 Bb4 17. Rf1 h6 18. a3 Nd7 19. Ref5 Bxc3 20. bxc3 Bxf5
21. Rxf5 Rf8 22. Ra5 Rfe8 23. Bd3 Re5 24. Ra6 c5 25. Bb5 Nb6 26. Bc6 Rc8 27.
Bb7 Rd8 28. a4 Re7 29. Bc6 Rc8 30. Bb5 Rxe4 31. Bf2 Re7 32. Bg3 c4 33. Bf2 Nd5
34. Bd4 Rcc7 35. Rd6 Nf4 36. Kf2 Kh7 37. Be3 Nxg2 38. Bd2 Nh4 39. Rd5 Ng6 40.
Rd4 Ne5 41. Bf4 g5 42. Bxe5 Rxe5 43. Bxc4 f5 44. Bd3 Kg7 45. Rd6 a5 46. Kf3 h5
47. h4 gxh4 48. Kf4 h3 49. Kxe5 h2 50. Be4 fxe4 51. Rd1 e3 52. Kf4 e2 53. Re1
Re7 0-1

[Event "17. Obert Int. Sant Marti 2015"]
[Site "Barcelona ESP"]
[Date "2015.07.15"]
[Round "3.32"]
[White "Valdes Romero, Leonardo"]
[Black "Font Purroy, Vicenc"]
[Result "1/2-1/2"]
[WhiteElo "2396"]
[BlackElo "2092"]
[PlyCount "184"]
[EventDate "2015.07.13"]
[EventType "swiss"]
[EventRounds "9"]
[EventCountry "ESP"]
[SourceTitle "Ajedrez en Madrid"]
[Source "lmi"]
[SourceDate "2013.07.13"]
[SourceVersion "1"]
[SourceVersionDate "2019.06.24"]
[SourceQuality "1"]

1. Nf3 c5 2. c4 Nc6 3. Nc3 e5 4. g3 g6 5. Bg2 Bg7 6. O-O Nge7 7. a3 O-O 8. b4
cxb4 9. axb4 Nxb4 10. Ba3 Nbc6 11. Ng5 d6 12. Nge4 Nf5 13. Nb5 Be6 14. Nbxd6
Nxd6 15. Nxd6 Qd7 16. Ne4 Rfd8 17. d3 Qc7 18. Rb1 Qa5 19. Bd6 Rd7 20. c5 h6 21.
Nd2 Rc8 22. e3 b6 23. Ne4 bxc5 24. Bxc5 Qd8 25. Qa4 Rxd3 26. Bxa7 Nxa7 27. Qxa7
Rd7 28. Qb6 Bf5 29. Qa6 Bxe4 30. Bxe4 Rb8 31. Rbc1 Rd6 32. Qa2 Rc8 33. Rb1 Rb8
34. Rxb8 Qxb8 35. Rc1 Qd8 36. Rc2 Bf8 37. Rb2 Kg7 38. Bf3 Be7 39. Kg2 Bf6 40.
Rc2 Qe7 41. Bd5 Qd7 42. Rc5 Qe7 43. Ra5 Rd7 44. Qa4 h5 45. h4 Rd8 46. e4 Rc8
47. Ra7 Rc7 48. Ra8 Kh7 49. Qb3 Rd7 50. Qa4 Kg7 51. Qa6 Rd8 52. Ra7 Rd7 53. Ra8
Rd8 54. Rc8 Rxc8 55. Qxc8 Qd8 56. Qc6 Qe7 57. Kh3 Qa7 58. Qc2 Bd8 59. Qb2 Bf6
60. Kg2 Qc7 61. Qa3 Qe7 62. Qa6 Qc7 63. Qb5 Qe7 64. Kh3 Qc7 65. Qb2 Qd6 66. Qa2
Qe7 67. Qa5 Qd8 68. Qb5 Qc7 69. Qa6 Qe7 70. Kg2 Qc7 71. Qa2 Qe7 72. Qa5 Qd7 73.
Qa6 Qc7 74. Qa8 Qd8 75. Qc6 Qe7 76. Qc8 Qd8 77. Qc4 Qd7 78. f3 Qe7 79. Qc6 Qd8
80. Qb7 Qe7 81. Qb3 Qc7 82. Bc4 Qd7 83. Qa2 Qb7 84. Bd5 Qc7 85. Kh3 Qe7 86. Qf2
Qd7+ 87. g4 g5 88. hxg5 Bxg5 89. Qg3 Bf4 90. Qg1 hxg4+ 91. Qxg4+ Qxg4+ 92. Kxg4
f6 1/2-1/2

[Event "17. Obert Int. Sant Marti 2015"]
[Site "Barcelona ESP"]
[Date "2015.07.15"]
[Round "3.33"]
[White "Konguvel, Ponnuswamy"]
[Black "Dadello, Aleksandra"]
[Result "1-0"]
[WhiteElo "2337"]
[BlackElo "2068"]
[PlyCount "45"]
[EventDate "2015.07.13"]
[EventType "swiss"]
[EventRounds "9"]
[EventCountry "ESP"]
[SourceTitle "Ajedrez en Madrid"]
[Source "lmi"]
[SourceDate "2013.07.13"]
[SourceVersion "1"]
[SourceVersionDate "2019.06.24"]
[SourceQuality "1"]

1. e4 e5 2. Nf3 Nc6 3. Bb5 a6 4. Ba4 Nf6 5. O-O b5 6. Bb3 Bc5 7. a4 Rb8 8. c3
d6 9. d4 Bb6 10. axb5 axb5 11. Qd3 Bd7 12. Na3 O-O 13. Bg5 h6 14. Bh4 Qe7 15.
Rfe1 b4 16. Nc4 Bg4 17. Ne3 Bxf3 18. Nf5 Qd8 19. Qxf3 Kh7 20. Ba4 Ne7 21. dxe5
dxe5 22. Bxf6 gxf6 23. Rad1 1-0